| 000 | 00850nam a2200253 a 4500 | ||
|---|---|---|---|
| 008 | 120416s2000 ||||||||||||||||| || u | ||
| 020 | _a0415189713 | ||
| 050 | _aHF 1025 Kno | ||
| 100 | _aBryson, John R | ||
| 245 | 1 | 0 |
_aKnowledge, space, economy _cedited by: John R. Bryson [and others] |
| 260 |
_aLondon _bRoutledge _c2000 |
||
| 300 | _axiii, 328p. : ill. | ||
| 350 | _a0.00 | ||
| 500 | _aBibliography | ||
| 650 | _aMarketing channels | ||
| 650 | 0 | _aSPACE IN ECONOMICS | |
| 650 | _aCOMPETITION | ||
| 650 | 0 | _aECONOMICS | |
| 650 | 0 | _aECONOMIC GEOGRAPHY | |
| 650 | _aIDUSTRIAL LOCATION | ||
| 650 | _aINFORMATION TECHNOLGY--ECONOMIC ASPECT | ||
| 650 | 0 | _aKNOWLEDGE MANAGEMENT | |
| 995 |
_D0.00 _FCBU-MAIN LIBRARY (Kitwe) _H1 _I18.95 _M1 _UAVAILABLE _ZMain Library Open Access Collection |
||
| 999 |
_c48677 _d48677 |
||